| 000 | 00553cas a22001815a 4500 | ||
|---|---|---|---|
| 001 | L139181 | ||
| 008 | 070723c1952 ii fr p 0 a0eng u | ||
| 035 | _a(Sirsi) u139181 | ||
| 041 | 0 | _aeng | |
| 110 | 2 |
_aInstitution of Surveyors India _95282 |
|
| 245 | 0 | 0 | _aJournal of the Institution of Surveyors (India) |
| 260 |
_aNew Delhi _bInstitution of Surveyors (India) |
||
| 362 | 0 | _a1(1) September 1952-10(2) November 1969 | |
| 554 | _aTwo per year | ||
| 651 | 4 | _aIndia | |
| 690 | _aMANAGEMENT-BUSINESS MANAGEMENT-PROFESSIONAL PRACTICE | ||
| 942 | _n0 | ||
| 999 |
_c119073 _d119073 |
||